000 00579nam a2200229Ia 4500
003 OSt
005 20220924143100.0
006 a|||||r|||| 00| 0
007 ta
008 220923b |||||||| |||| 00| 0 pur d
024 _a306631
037 _cTextual
040 _aARTS
_cARTS
_bpur
041 _2pur
_apur
082 _aP164:4k, 168M7
100 _aGhulam Mufti
_9214756
245 0 _aZaidatul loghat loghat sarwari
260 _c1987
650 _aLINGUISTICS
942 _hP164:4k, 168M7
_cTEXL
_2CC
999 _c453122
_d453122